000 00452nam a2200193Ia 4500
005 20240823044126.0
008 240823s9999||||xx |||||||||||||| ||und||
041 _aENGLISH
082 _A621.31042 P5
100 _aBakshi U A
245 0 _aElectrical Machines
250 _a1st
260 _c2005
_bTechnical Pub
500 _aTRANSFERED
650 _aElectrical machine
_bElectrical
700 _a Bakshi V U
942 _cBK
999 _c211835
_d211835